00698 2200229 4500001002100000005001500021035002000036007000300056008004100059020002200100082001000122084001600132100002000148245009000168250001500258260004700273300003500320505008600355990000900441990000900450990000900459INLIS00000000000743220241211081329 a0010-0721000055ta241211 0 ind  a978-602-98189-5-6 a633.7 a633.7 LAG t0 aLAGITA MANASTAS1 aTEKNIK BUDI DAYA TANAMAN KOPI :bJenis jenis kopi, tanah dan iklim /cLAGITA MANASTAS aCetakan II aYogyakarta :bTRANS IDEA PUBLISHING,c2017 a92 hal :bilus ;c14.8 x 21 cm aTaman Kopi merupakan salah satu komoditi prioritas yang dikembangkan di Indonesia a3749 a3748 a3750